Statistics for TAAG Angola Airlines-Luanda

Click here to take the quiz!

General Stats

  • This quiz has been taken 11 times
  • The average score is 15 of 26

Answer Stats

Country Airport % Correct
ZimbabweHarare
100%
BrazilRio de Janeiro
100%
ZambiaLusaka
100%
South AfricaJohannesburg
100%
South AfricaCape Town
100%
PortugalPorto
100%
PortugalLisbon
100%
NamibiaWindhoek
100%
D.R.CongoKinshasa
100%
BrazilSao Paulo
100%
CubaHavana
89%
MozambiqueMaputo
89%
Sao-Tome-and-PrincipeSao-Tome
89%
CongoBrazzaville
78%
AngolaCabinda
56%
AngolaNamibe
22%
AngolaLubango
22%
AngolaSaurimo
11%
AngolaSoyo
11%
AngolaOndjiva
11%
AngolaCatumbela
11%
AngolaMenongue
11%
AngolaLuena
11%
AngolaKuito
11%
AngolaHambo
11%
AngolaChitato
11%

Score Distribution

Percentile by Number Answered

Percent of People with Each Score

Your Score History

You have not taken this quiz